| 000 | 00000ngm 2200000zi 4500 |
| 001 | 9.891026 |
| 003 | CaOODSP |
| 005 | 20220318114320 |
| 006 | m o c f |
| 007 | cr cna|||||||| |
| 008 | 200831e20200217onc011 fo vleng d |
| 040 | |aCaOODSP|beng|erda|cCaOODSP |
| 086 | 1 |aCS892-00005/2020-2E-MP4 |
| 245 | 00|aDemo 2b : |bdownloading spatial datasets from Open Maps. |
| 246 | 10|aDownloading spatial datasets from Open Maps |
| 264 | 1|a[Ottawa] : |bStatistics Canada = Statistics Canada, |c[February 17, 2020] |
| 300 | |a1 online resource (1 video file (10 min., 46 sec.)) : |bsound, colour |
| 336 | |atwo dimensional moving image|btdi|2rdacontent |
| 337 | |acomputer|bc|2rdamedia |
| 338 | |aonline resource|bcr|2rdacarrier |
| 500 | |aTitle from title screen. |
| 500 | |a"Release date: February 17, 2020." |
| 500 | |aVideo transcript in HTML format provided by publisher. |
| 500 | |aIssued also in French under title: Démo 2b : télécharger des ensembles de données spatiales de Cartes Ouvertes. |
| 520 | |a"This tutorial covers navigating and downloading spatial data from Canada's Open Maps platform, the integrated geospatial data archive for the federal government"--Supplied by publisher. |
| 538 | |aSystem requirements: Multimedia player software such as Windows Media Player. |
| 538 | |aMode of access: World Wide Web. |
| 650 | 0|aGeographic information systems|xStudy and teaching. |
| 650 | 0|aGeospatial data|xComputer processing|xStudy and teaching. |
| 655 | 7|aInstructional and educational works|2lcgft |
| 655 | 7|aInternet videos|2lcgft |
| 710 | 2 |aStatistics Canada, |eissuing body. |
| 775 | 08|tDémo 2b : |w(CaOODSP)9.891029 |
| 856 | 40|qMP4|s99.60 MB|uhttps://publications.gc.ca/collections/collection_2020/statcan/892-00005/CS892-00005-2020-2-eng.mp4|zVideo |
| 856 | 4 |qHTML|sN/A|uhttps://www.statcan.gc.ca/eng/wtc/online-lectures/qgis/2020002|zTranscript |